00975nam a2200229 a 450000100100000000500170001000800410002704000250006808200150009311001070010824500960021526001010031130000200041249000430043270000240047570000280049970000280052783000500055504900090060595201140061499900170072800002967920200930055726.0110425s1985 dr 000 0 spa d aDO-SdBNPbspacBNPHU axxxbN718a1 aRepública DominicanabSecretaría de Estado de Deportes, Educación Física y Recreación93699713aEl niño en el agua, comportamiento pedagógico :bnatación /cSerge Astol...[et. al.]. aSanto Domingo :bSecretaría de Estado de Deportes, Educación Física y Recreación,c1985. a11 p. ;c23 cm.1 aFicha Técnica y Pedagógicavno. 221 aAstol, Serge9564771 aAudureau, Claude9564781 aCatteau, Raymond956479 0aFicha Técnica y Pedagógicanno. 22956480 aBNPD 00107-18PDaPDbPDcOId2011-04-25iLF1l0oxxx N718ap29679-10r2020-06-25w2020-06-25yLFPDZNo se presta c29171d29171